| 000 | 00829nam a22001577a 4500 | ||
|---|---|---|---|
| 003 | OSt | ||
| 005 | 20161031135623.0 | ||
| 008 | 161031b xxu||||| |||| 00| 0 eng d | ||
| 040 | _cRUA | ||
| 082 | _aVEM BOU 2015 B525 Or.1 | ||
| 100 |
_911024 _aBOUN SOHOM; ប៊ន សុខុម |
||
| 245 | _aStudy on health status and gastro-intestinal parasites in cattle at boeng preak commune, ba phonom district, prey veng province; សិក្សាស្ថានភាពសុខភាពទូទៅនឹងកម្រិតរាលដាលរបស់បរាសិតក្នុងក្រពះពោះវៀនគោ នៅឃុំបឹងព្រះ សុ្រកបាភ្នំ ខេត្តព្រៃវែង | ||
| 260 |
_aPhnom Penh _bRUA _c2015 |
||
| 300 |
_axi; 46p; _bill; _c29cm; |
||
| 942 |
_2ddc _cVEM |
||
| 999 |
_c10607 _d10607 |
||